000 01376cam a2200337 a 4500
001 1637549
003 OSt
005 20140310181622.0
008 961211s1997 flua 000 0 eng
010 _a 96052504
020 _a1558744673
020 _a1558744592 (pbk.)
040 _aDLC
_cDLC
_dDLC
050 0 0 _aBL 624
_b.C222 1997
082 0 0 _aHS 158
_bC43 1997
100 _aCanfield, Jack
_99821
245 0 2 _aA 4th course of chicken soup for the soul :
_b101 stories to open the heart and rekindle the spirit /
_cJack Canfield ... [et al.].
246 3 0 _aChicken soup for the soul
246 3 _aFourth course of chicken soup for the soul
260 _aDeerfield Beach, Fla. :
_bHealth Communications,
_cc1997.
300 _axviii, 348 p. :
_bill. ;
_c23 cm.
650 0 _aSpiritual life
_vAnecdotes.
_910043
700 1 _aCanfield, Jack,
_d1944-
_910044
856 4 2 _3Publisher description
_uhttp://www.loc.gov/catdir/enhancements/fy0727/96052504-d.html
856 4 1 _3Sample text
_uhttp://www.loc.gov/catdir/enhancements/fy0727/96052504-s.html
856 4 2 _3Contributor biographical information
_uhttp://www.loc.gov/catdir/enhancements/fy0735/96052504-b.html
906 _a7
_bcbc
_corignew
_d1
_eocip
_f19
_gy-gencatlg
942 _2lcc
_cHS
999 _c169
_d169